| 000 | 00980nam a22002417a 4500 | ||
|---|---|---|---|
| 005 | 20210325180923.0 | ||
| 008 | s2544 th tha d | ||
| 020 | _a9742779299 | ||
| 041 | _atha | ||
| 050 | _aSB126.5 ส992ก 2544 | ||
| 100 | 0 | _aโสระยา ร่วมรังษี | |
| 245 | 1 | 0 | _aการผลิตพืชสวนแบบไม่ใช้ดิน |
| 260 | 3 |
_aกรุงเทพฯ : _bโอเดียนสโตร์, _c2544 |
|
| 300 |
_a78 หน้า : _b ภาพประกอบ, ตาราง ; _c 21 ซม. |
||
| 650 | 0 | 4 | _aเกษตรกรรม -- เทคโนโลยีที่เหมาะสม |
| 650 | 0 | 4 | _aการปลูกพืชในน้ำยา |
| 650 | 0 | 4 | _aการปลูกพืชไร้ดิน |
| 650 | 0 | 4 | _aพืชสวน -- การปลูก |
| 850 | _aNALT | ||
| 942 | _cGB | ||
| 997 | _c000000000010556 | ||
| 998 | _aSANG-AROON ANU-KRAUGH | ||
| 999 |
_c10556 _d10556 |
||